Introduction to geography / (Record no. 176)
[ view plain ]
| 000 -LEADER | |
|---|---|
| fixed length control field | 01515cam a2200301 a 4500 |
| 001 - CONTROL NUMBER | |
| control field | 14420256 |
| 005 - DATE AND TIME OF LATEST TRANSACTION | |
| control field | 20210414113851.0 |
| 008 - FIXED-LENGTH DATA ELEMENTS--GENERAL INFORMATION | |
| fixed length control field | 060620s2008 mauab b 001 0 eng |
| 010 ## - LIBRARY OF CONGRESS CONTROL NUMBER | |
| LC control number | 2006020279 |
| 020 ## - INTERNATIONAL STANDARD BOOK NUMBER | |
| International Standard Book Number | 9780073051260 (pbk : alk. paper) |
| 020 ## - INTERNATIONAL STANDARD BOOK NUMBER | |
| International Standard Book Number | 0073051268 (hard copy : alk. paper) |
| 040 ## - CATALOGING SOURCE | |
| Original cataloging agency | DLC |
| Transcribing agency | DLC |
| Modifying agency | DLC |
| 050 00 - LIBRARY OF CONGRESS CALL NUMBER | |
| Classification number | G128.G495 |
| 082 00 - DEWEY DECIMAL CLASSIFICATION NUMBER | |
| Classification number | 910 |
| Edition number | 22 |
| 100 1# - MAIN ENTRY--PERSONAL NAME | |
| Personal name | Getis, Arthur, |
| Dates associated with a name | 1934- |
| 245 00 - TITLE STATEMENT | |
| Title | Introduction to geography / |
| Statement of responsibility, etc. | Arthur Getis, Judith Getis, Jerome D. Fellmann ; with contributions by Victoria L. Getis, David H. Kaplan. |
| 250 ## - EDITION STATEMENT | |
| Edition statement | 11th ed. |
| 260 ## - PUBLICATION, DISTRIBUTION, ETC. | |
| Place of publication, distribution, etc. | Boston : |
| Name of publisher, distributor, etc. | McGraw-Hill Higher Education, |
| Date of publication, distribution, etc. | c2008. |
| 300 ## - PHYSICAL DESCRIPTION | |
| Extent | xvii, 542 p. : |
| Other physical details | col. ill., col. maps ; |
| Dimensions | 28 cm. |
| 504 ## - BIBLIOGRAPHY, ETC. NOTE | |
| Bibliography, etc. note | Includes bibliographical references and index. |
| 505 ## - FORMATTED CONTENTS NOTE | |
| Formatted contents note | Contents: Introduction -- Maps -- Part 1: The Earth science tradition: Physical geography: landforms -- Physical geography: weather and climate -- The geography of natural resources -- Part 2: The culture-environment tradition: Population geography -- Cultural geography -- Spatial interaction -- Political geography -- Part 3: The location tradition: Economic geography -- An urban world -- Human impact on the environment -- Part 4: The Area analysis tradition: The regional concept. |
| 650 #0 - SUBJECT ADDED ENTRY--TOPICAL TERM | |
| Topical term or geographic name entry element | Geography. |
| 700 1# - ADDED ENTRY--PERSONAL NAME | |
| Personal name | Getis, Judith. |
| 700 1# - ADDED ENTRY--PERSONAL NAME | |
| Personal name | Fellmann, Jerome D. |
| 906 ## - LOCAL DATA ELEMENT F, LDF (RLIN) | |
| a | 7 |
| b | cbc |
| c | orignew |
| d | 1 |
| e | ecip |
| f | 20 |
| g | y-gencatlg |
| 942 ## - ADDED ENTRY ELEMENTS (KOHA) | |
| Source of classification or shelving scheme | Library of Congress Classification |
| Koha item type | Books |
| Withdrawn status | Lost status | Source of classification or shelving scheme | Damaged status | Not for loan | Home library | Current library | Shelving location | Date acquired | Total Checkouts | Full call number | Barcode | Date last seen | Copy number | Price effective from | Koha item type |
|---|---|---|---|---|---|---|---|---|---|---|---|---|---|---|---|
| Library of Congress Classification | WISCONSIN INTERNATIONAL UNIVERSITY COLLEGE, GHANA - MAIN LIBRARY | WISCONSIN INTERNATIONAL UNIVERSITY COLLEGE, GHANA - MAIN LIBRARY | General Stacks | 14/10/2011 | G128.G495 | 511/11 | 14/10/2011 | 1 | 14/10/2011 | Books | |||||
| Library of Congress Classification | WISCONSIN INTERNATIONAL UNIVERSITY COLLEGE, GHANA - MAIN LIBRARY | WISCONSIN INTERNATIONAL UNIVERSITY COLLEGE, GHANA - MAIN LIBRARY | Reference | 14/10/2011 | G128.G4951 | 540/11 | 14/10/2011 | 2 | 14/10/2011 | Books |
